000 00518nam a2200181 i 4500
001 72875
003 ES-MaACL
005 20230906171603.0
007 t|
008 040903s1969 sp ||||1| spa d
080 _a264.02-061
100 1 _aGómez García-Argüelles, Antonieta.
_9173049
245 1 0 _aEn la casa del Padre /
_ctexto y dibujos, Antonieta Gómez.
260 _a[Madrid :
_bMagisterio Español,
_c1969]
300 _a128 p. :
_bil. ;
_c14 cm.
650 4 _aMisa.
_915074
852 _aES-MaACL
_jC-36732
999 _c72875
_d72875